| 000 | 00716nam a2200217 a 4500 | ||
|---|---|---|---|
| 003 | PILC | ||
| 005 | 20160316100457.0 | ||
| 008 | 121013s19uu xx 00 eng d | ||
| 020 | _a9781111343996 | ||
| 050 |
_aD 443 _b.F55 2011 |
||
| 100 | _aFindley, Carter V. | ||
| 245 |
_aTwentieth-century world / _cCarter Vaughn Findley, John Alexander Murray Rothney. |
||
| 250 | _a7th edition. | ||
| 260 |
_aBelmont, California : _bWadsworth Cengage Learning, _c2011. |
||
| 300 |
_a530 pages : _billustrations ; _c24 cm. |
||
| 500 | _aIncludes bibliographical references and index. | ||
| 650 |
_aHistory, Modern _x20th century. |
||
| 700 | _aRothney, John Alexander Murray. | ||
| 942 |
_cBK _2lcc _kFOR |
||
| 999 |
_c22399 _d22399 |
||